000 00687nam a2200241Ia 4500
003 OSt
005 20220926030221.0
006 a|||||r|||| 00| 0
007 ta
008 220923b |||||||| |||| 00| 0 eng d
037 _cGeneral Book
040 _aRTL
_cRTL
_beng
041 _2eng
_aeng
082 _aY9(W), K4
100 _aJacob Philip E
_997972
245 0 _aIntegration of political communities
260 _aPhiladelphia
_bLippincott
_c1964
300 _ax, 314p
_ccm.
650 _aPolitical Sociology
700 _a Toscano James V Ed.
_9121290
942 _hY9(W), K4
_cGB
_2CC
999 _c649006
_d649006